=LDR 00000nam 2200000 4500 =001 INLIS000000000026239 =005 20130612124707 =008 ***********************************ind** =035 ##$$0010-061300000026239 =041 ##$$a ind =082 ##$$a 657 =090 ##$$a 657, CAR d =100 ##$$a Carlson, Arthur E =245 ##$$a Dasar-dasar akuntansi untuk sekretaris yang sukses, Arthur E. Carlson, James A. Heintz, Mary e. Burnet =260 ##$$a 1988 $b Jakarta =300 ##$$a 241 hlm., ilus., 24 cm =650 ##$$a Akuntasi =700 ##$$a Heintz, James A =850 ##$$a NBPNMAT